000 00280nam a22001217a 4500
008 171102b xxu||||| |||| 00| 0 eng d
041 _aeng
080 _25TH
_a530.14
100 _a59
101 _aKAP
245 _aPRINCIPLES OF ENGINEERING ECONOMY
_cGRANT,B.L
942 _2udc
_cBK
999 _c37196
_d37196